[Event "Elgoibar 12th"]
[Site "Elgoibar"]
[Date "2002.12.15"]
[Round "4"]
[White "Gomez Esteban, Juan Mario"]
[Black "Korneev, Oleg"]
[Result "1/2-1/2"]
[WhiteElo "2476"]
[BlackElo "2551"]
[Annotator "Lutz,C"]
[PlyCount "44"]
[EventDate "2002.12.12"]
[EventType "tourn"]
[EventRounds "9"]
[EventCountry "ESP"]
[EventCategory "9"]
[SourceTitle "CBM 093"]
[Source "ChessBase"]
[SourceDate "2003.04.01"]
[SourceVersion "1"]
[SourceVersionDate "2003.04.01"]
[SourceQuality "1"]

1. d4 d5 2. c4 e6 3. Nc3 c6 4. Nf3 Nf6 5. Bg5 h6 6. Bh4 dxc4 7. e4 g5 8. Bg3 b5
9. Be2 Bb7 10. h4 g4 11. Ne5 Rg8 $5 {Dieser Zug stammt von Vallejo Pons. Statt
des häufiger gespielten 11...h5 deckt Schwarz den Bauern mit dem Turm. So hält
er sich das Feld h5 für den Springer offen, aber andererseits kann Weiß
natürlich nun den Bauern zurückgewinnen. Mit diesem Zug kam kürzlich der junge
Ungar Peter Acs zu einem glanzvollen Sieg über Alexander Khalifman.} 12. O-O (
12. Nxg4 Nxg4 (12... Nbd7 13. e5 (13. Nxf6+ Nxf6 14. Bf3 Qb6 15. Qd2 h5 16. O-O
Rd8 17. Ne2 c5 18. d5 exd5 19. exd5 Bxd5 20. Qf4 Bxf3 21. Qxf3 Rd3 22. Qf4 Be7
23. Rfe1 Nd5 24. Qe5 Qb7 25. Qxh5 $36 {1-0 Rogozenko,D-Cosma,I/Sovata 2001/EXT
2003 (41)}) 13... Nxg4 14. Bxg4 Qb6 15. O-O (15. a4 a6 16. axb5 cxb5 17. d5
O-O-O 18. Kf1 h5 19. Bxh5 Rxg3 20. fxg3 Nxe5 21. Qe2 Bg7 22. d6 Rxd6 $17 {
0-1 Sambuev,B-Yevseev,D/Tula 2001/EXT 2002 (36)}) 15... O-O-O 16. b3 Nb8 17.
Qf3 Qxd4 18. Bh3 Bb4 19. Rad1 Rxg3 20. Qxg3 Qxc3 21. Rxd8+ Kxd8 22. Qg8+ Kc7
23. Rd1 Bc8 24. Qxf7+ Kb6 25. Qe8 $16 {1-0 Sakaev,K-Lastin,A/Panormo 2001/CBM
84 ext (34)}) 13. Bxg4 Nd7 14. O-O Nf6 15. Be2 (15. Bf3 $5 Qb6 16. Qd2 $5)
15... Qb6 16. a4 Bb4 17. Be5 Nd7 18. Bf4 Rd8 19. Be3 c5 $13 {0-1 Khalifman,
A-Acs,P/Hoogeveen 2002/CBM 92/[Lutz] (35)}) (12. h5 $6 Nbd7 13. Nxd7 Nxd7 14.
Bxg4 Qb6 15. O-O Rd8 $36 {Timman,J-Vallejo Pons,F/Pamplona 1999}) 12... Nbd7
13. d5 $146 (13. Nxg4 b4 $5 (13... Nh5 14. e5 Nxg3 15. fxg3 Qb6 16. a4 a6 17.
Kh2 h5 18. Nf6+ Nxf6 19. Rxf6 O-O-O 20. Bxh5 Rxd4 21. Qf1 $40 {Bang Yue-Bhat,V/
Shanghai 2002}) 14. Na4 (14. Nxf6+ {Gurevich,M} Nxf6 15. e5 bxc3 16. exf6 cxb2
17. Rb1 $13) 14... Nxe4 15. Bxc4 Qa5 16. b3 {Xu Jun-Gurevich,M/Shenyang 2000/
CBM 79/[Gurevich,M] (31)} O-O-O $5 {Gurevich,M} 17. Qe2 Nxg3 18. fxg3 Qh5 $1
19. Ne5 Qxe2 20. Bxe2 Nxe5 21. dxe5 Rd2 $15) (13. Nxd7 Qxd7 14. e5 Nh5 (14...
Nd5 15. Ne4 h5 16. a4 a6 17. Qc2 Rg6 18. b3 Nb4 19. Qb2 c5 20. Nd6+ Bxd6 21.
exd6 Qc6 22. f3 c3 23. Qxc3 Nd5 24. Qb2 gxf3 25. Rxf3 $13 {1-0 Abramov,
V-Safronov,A/Cherepovets 2001/EXT 2002 (43)}) 15. Bxg4 Nxg3 16. fxg3 O-O-O 17.
Kh2 c5 18. dxc5 b4 19. Na4 Qc6 20. Bf3 Rxd1 21. Bxc6 Rxa1 22. Bxb7+ Kxb7 23.
Rxa1 Kc6 $17 {0-1 Smirnov,A-Shinkevich,V/St Petersburg 2001/EXT 2002 (31)})
13... Nxe5 (13... exd5 14. exd5 Nxe5 15. Bxe5 Nxd5 16. Re1 Nxc3 17. Bxc3 $40 {
ist sehr gefährlich für Schwarz.}) 14. Bxe5 Nd7 15. Bg3 h5 16. Qc2 Qb6 17. a4
a6 18. b3 $5 {Weiß opfert eine Figur.} (18. dxe6 $5 fxe6 19. e5 Rg7 $13 (19...
O-O-O 20. Qh7)) 18... b4 19. dxe6 fxe6 20. Bxc4 bxc3 21. Bxe6 Rg7 22. Qxc3 Qc5
{und in dieser spannenden Stellung wurde ein Unentschieden vereinbart.} ({
Es könnt so weitergehen:} 22... Qc5 23. Qb2 $5 Qe7 (23... O-O-O 24. Rac1 $40)
24. Bf5 $1 {Dieser Läufer verhindert die lange Rochade des Schwarzen.} Qf7 (
24... O-O-O $2 25. Qd2 $1 $18 {mit den Ideen Qa5 oder Qf4 gewinnt Material.})
25. Rad1 $44 {mit sehr guter Kompensation für Weiß, da der schwarze König
nicht in Sicherheit kommt.}) 1/2-1/2

[Event "Hoogeveen Essent Crown"]
[Site "Hoogeveen"]
[Date "2002.10.17"]
[Round "4"]
[White "Khalifman, Alexander"]
[Black "Acs, Peter"]
[Result "0-1"]
[WhiteElo "2690"]
[BlackElo "2591"]
[Annotator "Lutz,C"]
[PlyCount "70"]
[EventDate "2002.10.13"]
[EventType "tourn"]
[EventRounds "6"]
[EventCountry "NED"]
[EventCategory "17"]
[SourceTitle "CBM 092"]
[Source "ChessBase"]
[SourceDate "2003.02.06"]
[SourceVersion "1"]
[SourceVersionDate "2003.02.06"]
[SourceQuality "1"]

{[%mdl 1]} 1. d4 Nf6 2. c4 e6 3. Nf3 d5 4. Nc3 c6 5. Bg5 h6 6. Bh4 dxc4 7. e4
g5 8. Bg3 b5 9. Be2 Bb7 10. h4 g4 11. Ne5 Rg8 $5 {Die Idee von Vallejo Pons.
Statt des häufiger gespielten 11...h5 deckt Schwarz den Bauern mit dem Turm.
So hält er sich das Feld h5 für den Springer offen, aber andererseit kann Weiß
natürlich nun den Bauern zurückgewinnen.} 12. Nxg4 (12. h5 $6 Nbd7 13. Nxd7
Nxd7 14. Bxg4 Qb6 15. O-O Rd8 $36 {Timman,J-Vallejo Pons,F/Pamplona 1999}) (12.
O-O Nbd7 13. Nxg4 b4 $5 (13... Nh5 14. e5 Nxg3 15. fxg3 Qb6 16. a4 {1/2-1/2
Glek,I-Dreev,A/Essen 2000/CBM 77/[Lutz] (16)} a6 $13) 14. Na4 (14. Nxf6+ {
Gurevich,M} Nxf6 15. e5 bxc3 16. exf6 cxb2 17. Rb1 $13) 14... Nxe4 15. Bxc4 Qa5
16. b3 {Xu Jun-Gurevich,M/Shenyang 2000/CBM 79/[Gurevich,M] (31)} O-O-O $5 {
Gurevich,M} 17. Qe2 Nxg3 18. fxg3 Qh5 $1 19. Ne5 Qxe2 20. Bxe2 Nxe5 21. dxe5
Rd2 $15) 12... Nxg4 (12... Nbd7 13. e5 (13. Nxf6+ Nxf6 14. Bf3 Qb6 15. Qd2 h5
16. O-O Rd8 17. Ne2 c5 18. d5 exd5 19. exd5 Bxd5 20. Qf4 Bxf3 21. Qxf3 Rd3 22.
Qf4 Be7 23. Rfe1 Nd5 24. Qe5 Qb7 25. Qxh5 $36 {1-0 Rogozenko,D-Cosma,I/Sovata
2001/EXT 2003 (41)}) 13... Nxg4 14. Bxg4 Qb6 15. O-O (15. a4 a6 16. axb5 cxb5
17. d5 O-O-O 18. Kf1 h5 19. Bxh5 Rxg3 20. fxg3 Nxe5 21. Qe2 Bg7 22. d6 Rxd6 $17
{0-1 Sambuev,B-Yevseev,D/Tula 2001/EXT 2002 (36)}) 15... O-O-O 16. b3 Nb8 17.
Qf3 Qxd4 18. Bh3 Bb4 19. Rad1 Rxg3 20. Qxg3 Qxc3 21. Rxd8+ Kxd8 22. Qg8+ Kc7
23. Rd1 Bc8 24. Qxf7+ Kb6 25. Qe8 Qc2 26. Bg4 Kb7 27. Qf7+ Bd7 28. Rxd7+ Nxd7
29. Qxd7+ Kb6 30. Qd8+ Kc5 31. Qd6+ Kb6 32. Qb8+ Kc5 33. Qxa7+ Kd5 34. Qe3 {
1-0 Sakaev,K-Lastin,A/Panormo 2001/CBM 84 ext (34)}) 13. Bxg4 Nd7 {Dafür, dass
Schwarz den Bauern zurückgegeben hat, hat er nun einen aktiven Turm auf der
g-Linie.} 14. O-O Nf6 15. Be2 (15. Bf3 $5 Qb6 16. Qd2 {würde Weiß ein
Mehrtempo im Vergleich zu Rogozenko,D-Cosma,I geben (s.o.), aber ob Weiß
deswegen besser steht, ist eine andere Frage.}) 15... Qb6 16. a4 Bb4 17. Be5
Nd7 18. Bf4 Rd8 19. Be3 c5 20. axb5 $6 {Weiß schenkt der schwarzen Initiative
wenig Beachtung.} (20. d5 $5 $13 {hätte die Diagonalen und Linien geschlossen
gehalten.}) 20... Nf6 21. dxc5 Bxc5 22. Bxc5 Qxc5 {Für den Minusbauern ist
Schwarz dank seiner aktiven Figuren reichlich entschädigt.} 23. Qc2 Rd4 24. Bf3
(24. Rfd1 Nxe4 25. Bf3 Qf5 26. Bxe4 Bxe4 27. Nxe4 Rxe4 $40) 24... Rd3 25. Qe2 {
Bis jetzt war Weiß vermutlich guter Dinge, aber nach ...} Rg3 $1 {... wird ihm
vermutlich anders geworden sein. Schwarz droht das Nehmen auf f3.} 26. Na4 $6 (
26. Kh1 Rgxf3 (26... Rdxf3 $2 27. fxg3) 27. gxf3 Qh5 $40) ({Der Computerzug} 
26. Ra4 $5 {ist vielleicht noch das Beste, z.B.} Rgxf3 (26... Rdxf3 $2 27. Rxc4
Qb6 28. Na4) 27. gxf3 Qh5 28. Rxc4 Rxf3 29. Rd1 Qg4+ 30. Kf1 Qh3+ 31. Ke1 Ng4
32. Rcd4 Rxf2 33. Rd8+ Ke7 34. R8d7+ Kf8 35. Qxf2 Nxf2 36. Kxf2 Qxh4+ 37. Ke3 {
, und Schwarz muss Dauerschach geben.}) 26... Qd4 27. Rfd1 (27. Kh1 Rgxf3 28.
gxf3 Rxf3 $17) (27. Kh2 Rgxf3 28. gxf3 Qe5+ $17) 27... Bxe4 {Jetzt fallen die
schwarzen Figuren über den weißen König her.} 28. Bxe4 Nxe4 29. Nc3 Nd2 $1 $19
30. b6 Rxg2+ $1 31. Kxg2 Qg7+ 32. Kh2 Nf3+ 33. Qxf3 Rxf3 34. Rg1 Rxf2+ 35. Kh1
Qd4 0-1

[Event "FIDE World Cup final"]
[Site "Hyderabad"]
[Date "2002.10.18"]
[Round "2.6"]
[White "Anand, Viswanathan"]
[Black "Dreev, Alexey"]
[Result "1-0"]
[WhiteElo "2755"]
[BlackElo "2673"]
[Annotator "Lutz,C"]
[PlyCount "91"]
[EventDate "2002.10.15"]
[EventType "k.o."]
[EventRounds "3"]
[EventCountry "IND"]
[SourceTitle "CBM 092"]
[Source "ChessBase"]
[SourceDate "2003.02.06"]
[SourceVersion "1"]
[SourceVersionDate "2003.02.06"]
[SourceQuality "1"]

1. d4 d5 2. c4 c6 3. Nf3 Nf6 4. Nc3 e6 5. Bg5 h6 6. Bxf6 Qxf6 7. e3 Nd7 8. Bd3
dxc4 9. Bxc4 g6 10. O-O Qe7 11. e4 Bg7 12. Re1 O-O 13. e5 Rd8 14. Qc2 b6 15.
Rad1 Bb7 16. a3 Rac8 17. Ba2 {Wir haben eine typische Stellung in der Moskauer
Variante erreicht. Weiß hat Raumvorteil, Schwarz hat das Läuferpaar und steht
zu ...c6-c5 bereit. Bislang galt dieser Stellungstyp als befriedigend für
Schwarz, aber wie die vorliegende Partie zeigt, gibt es ein paar Feinheiten zu
beachten.} c5 {Schwarz sucht direkt die Klärung im Zentrum, obwohl er damit
auch noch warten kann.} (17... Nf8 18. Qe2 (18. h4 {Dautov} Rc7 19. Rd2 Rcd7
20. Red1 c5 21. d5 exd5 22. Nxd5 Bxd5 23. Rxd5 Rxd5 24. Bxd5 Ne6 $10) 18... Rc7
19. Rd2 Rcd7 20. Red1 g5 $1 $15 {0-1 Dautov,R-Slobodjan,R/Germany 1997/GER-chT/
[Dautov] (41)}) 18. d5 exd5 19. Nxd5 Bxd5 20. Bxd5 Nf8 {Schwarz hat ...c6-c5
durchgesetzt, musste dafür aber seinen weißfeldrigen Läufer abgeben. Der weiße
Läufer entfaltet nun Druck entlang der Diagonalen c4-f7.} 21. Qe4 (21. a4 Rd7
22. Bc4 Rcd8 23. Rxd7 (23. Rc1 $5 {kommt in Betracht, um analog zur Partie
beide Turmpaare auf dem Brett zu behalten.}) 23... Qxd7 24. h4 Ne6 25. g3 Qc6
26. Re3 Kf8 27. b3 Ke7 28. h5 g5 29. Qf5 Rd1+ 30. Re1 Rxe1+ 31. Nxe1 a6 32. Qh7
Bxe5 33. Bxa6 Bc3 34. Nc2 Qf3 35. Qd3 Qxd3 {1/2-1/2 Dizdar,G-Dreev,A/Luzern
1997/CBM 62 (35)}) 21... Ne6 22. Bc4 Rd7 {Schwarz verdoppelt die Türme, aber
wie sich bald herausstellen wird, kann er mit der offenen d-Linie wenig
anfangen. Daher sollte er vielleicht überlegen, direkt die Türme abzutauschen.}
(22... Rxd1 $5 23. Rxd1 Rd8 24. Rxd8+ (24. Re1 {ist nun nicht mehr ganz so
effektiv, da Weiß zwei Türme braucht, einen zur Unterstützung deedes e-bauern,
den anderen , um mittels a4-a5 Aktivität am Damenflügel entwickeln zu können.})
24... Qxd8 25. g3 (25. Bxe6 Qd1+ 26. Qe1 Qxe1+ 27. Nxe1 fxe6) 25... Qd7 $11)
23. g3 Rcd8 24. Rc1 $1 $14 {Ein sehr wichtiger Zug. Weiß weicht dem Turmtausch
aus, da er für seine Türme noch andere Absichten hat. Schwarz kontrolliert
zwar die d-Linie, hat aber keine Einbruchsfelder, da die weißen Leichtfiguren
diese kontrollieren. Will Schwarz mittels ...Sg5 oder ...Sd4 den weißen
Springer abtauschen, so ist e5-e6 unangenehm. Schwarz ist also in den nächsten
Zügen zur Passivität verdammt.} h5 25. Kg2 Bh6 26. Rb1 Rc7 27. a4 Rcd7 28. b3
Bd2 29. Re2 Bh6 (29... Bb4 $5 {kam in Betracht, um a4-a5 zu verhindern.}) 30.
a5 Rb8 31. axb6 axb6 32. Bb5 Rdd8 33. Ra1 {Weiß hat nun die a-Linie erobert.}
Bg7 34. Raa2 Qb7 35. Qxb7 Rxb7 {Nach dem Abtausch der Damen ist der Pe5
anfälliger geworden, so dass Weiß auch etwas in seiner Aktivität eingeschränkt
ist. Ohne die Damen ist auch Springertausch mittels ...Sd4 wieder eine Option,
da nun der potenzielle Vormarsch e5-e6 nicht mehr so stark ist.} 36. Red2 Rbb8
$2 {Aber das ist zu passiv.} ({Schwarz sollte die derzeitige weiße
Figurenstellung ausnutzen und sofort Gegenspiel entwickeln:} 36... Rxd2 37.
Rxd2 g5 $1 38. Rd5 Rb8 39. Bc4 g4 40. Nd2 Rd8 41. Rxd8+ Nxd8 42. f4 gxf3+ 43.
Nxf3 Nc6 44. e6 fxe6 45. Bxe6+ Kh7 $11 {mit Ausgleich}) 37. Rxd8+ Rxd8 38. Bc4
$16 {Jetzt kann der weiße Turm am Damenflügel eindringen.} Nf8 $6 {Ein glatter
Tempoverlust.} (38... Nd4 39. Ng5) (38... g5 39. Bxe6 g4 40. Bxf7+ Kxf7 41.
Ng5+ Kg6 42. Ne6) (38... Re8 $5 39. Ra7 g5 40. Bxe6 Rxe6 41. Nxg5 Rxe5 42. Nxf7
Re2 43. Nd6 Bd4 44. Ra8+ Kh7 45. Rf8 $16) 39. Ra7 Ne6 (39... Rd7 40. Rxd7 Nxd7
41. e6 Nf6 42. e7 Ne8 43. Bb5 $18) 40. Rb7 Re8 41. Rxb6 $18 Nf8 42. Ng5 Re7 43.
f4 Nd7 44. Rb7 Kf8 45. Nxf7 Nxe5 46. Rb8+ 1-0

[Event "Asia-ch 4th"]
[Site "Doha"]
[Date "2003.02.28"]
[Round "7"]
[White "Wu, Shaobin"]
[Black "Al Sayed, Mohammed"]
[Result "0-1"]
[WhiteElo "2545"]
[BlackElo "2431"]
[Annotator "Lutz,C"]
[PlyCount "100"]
[EventDate "2003.02.22"]
[EventType "swiss"]
[EventRounds "9"]
[EventCountry "QAT"]
[SourceTitle "CBM 094"]
[Source "ChessBase"]
[SourceDate "2003.05.26"]
[SourceVersion "1"]
[SourceVersionDate "2003.05.26"]
[SourceQuality "1"]

1. d4 d5 2. c4 c6 3. Nf3 Nf6 4. Nc3 e6 5. Bg5 h6 6. Bh4 dxc4 7. e4 g5 8. Bg3 b5
9. Be2 Bb7 10. h4 g4 11. Ne5 h5 12. O-O Nbd7 13. Qc2 Nxe5 14. Bxe5 Bg7 15. Bg3
$1 {Dieser Zug ist aus der Partie Sakaev,K-Borovikov,V/Halkidiki 2002 bekannt.
Sakaev is so sehr von dessen Stärke überzeugt, dass er im Informator 85 15.Lg3
mit zwei Rufzeichen und der Bewertung 'klarer weißer Vorteil' versieht.} ({
Die Folgen von} 15. Rad1 O-O 16. Bg3 (16. f3 Nh7 $1) 16... Nd7 {erscheinen
akzeptabel für Schwarz, wie die letzten Partien zeigen.}) 15... Qxd4 {Sehr
prinzipiell, Schwarz nimmt sich noch einen Bauern.} (15... b4 $2 16. Na4 Qxd4
17. Bxc4 c5 $2 (17... Qxe4 18. Bd3 Qd4 19. Nc5 Bc8 20. Rad1 $16) (17... O-O 18.
e5 {/\ Rad1}) (17... Qd8 $5 18. Rad1 Qa5 19. Bd6 O-O-O 20. Nc5 $40) 18. e5 $18
Qe4 (18... Nd7 19. Rfd1 Qe4 20. Qxe4 Bxe4 21. Bb5 Bd5 22. Nxc5 O-O-O 23. Nxd7
Rxd7 24. Bxd7+ Kxd7 25. Rac1 $18) 19. Bb5+ Kf8 20. Qxc5+ Kg8 21. f3 gxf3 22.
exf6 Bxf6 23. gxf3 Qg6 24. Kh2 Rc8 25. Qe3 Rc2+ 26. Rf2 {1-0 Sakaev,
K-Borovikov,V/Halkidiki 2002/CBM 92/[Lutz] (26)}) (15... O-O $5 16. e5 (16.
Rad1 {führt zu 15.Rad1 0-0 16.Bg3}) 16... Nh7 {Nun sind wir per Zugumstellung
bei Kramnik,V-Akopian,V/Dortmund 2000 angelangt:} (16... Nd7 $5 {muss Weiß
nicht mit 17.Rad1 und Übergang zu bekannten Varianten beantworten, sondern
kann mit} 17. Ne4 $1 {(plant Ng5)} f5 18. exf6 Nxf6 19. Nc5 Bc8 20. Be5 $40 {
begegnet werden.}) 17. Rad1 f5 18. exf6 Qxf6 19. f3 Qf5 20. Qd2 Qg6 21. fxg4
hxg4 22. Qe3 Rf5 23. Ne4 c5 $1 24. Nxc5 Bd5 25. a4 Raf8 26. axb5 Rf3 $1 27.
gxf3 gxf3 28. Kh2 $13) (15... Nh7 16. e5 Qxd4 17. Rad1 Qb6 18. Ne4 O-O 19. b3
$1 $40 {Sakaev}) 16. Rad1 ({Sakaev selbst empfiehlt} 16. Rfd1 Qb6 17. a4 $40 {
"mit Angriff". Es droht a4-a5 mit Kaltstellung der schwarzen Dame.
Andererseits hat Schwarz zwei Bauern mehr. Hier sind noch weitere praktische
Tests nötig.}) 16... Qb6 17. e5 (17. Bd6 O-O-O $5) 17... Nd5 18. Ne4 O-O-O (
18... O-O $2 19. Ng5) 19. Nd6+ Rxd6 20. exd6 f5 {Mir scheint, dass die letzten
weißen Züge nicht im Sinne des Erfinders Sakaev gewesen sind. Zwar hat Weiß
die Qualität gewonnen, aber der schwarze König ist relaiv sicher und die
schwarzen Bauern verhindern ein weißes Eindringen. Ich ziehe die schwarze
Stellung vor.} 21. Kh2 Kd7 22. Rfe1 f4 $2 {Natürlich ist es verlockend, direkt
den Bg3 einzuheimsen. Aber nun gelangt die weiße Dame hinter die Bauern und
richtet dort verheerenden Schaden an.} (22... Bd4 $5) (22... Re8 $5) 23. Qg6
fxg3+ 24. fxg3 Bxb2 25. Bxc4 bxc4 26. Qxe6+ Kd8 27. d7 $2 {Gewinnt den Rh8 im
Austausch für den d-Bauern, lässt aber den schwarzen König entwischen.} (27.
Qf7 $1 {gewinnt für Weiß, da Schwarz nichts gegen die Drohungen Re7 oder d7
nebst Re8+ unternehmen kann.} Ba6 (27... Kc8 28. Re8+ Rxe8 29. d7+) 28. Rxd5 (
28. Re6 $5 $18 {/\ d7}) 28... cxd5 29. d7 Kc7 30. Re8 Kc6 31. Rxh8 Bxh8 32. Qe8
Kc5 33. Qxh8 $18) 27... Kc7 28. Qe8 Rxe8 29. dxe8=Q Qc5 $17 {Dem schwarzen
König kann jetzt nicht mehr so leicht zugesetzt werden und der c-Freibauer
meldet sich zu Wort.} 30. Qxh5 c3 31. Qe5+ Kb6 32. Rb1 Nb4 33. Qg7 Nd3 34. Re7
Ba6 35. Re2 (35. Rxa7 c2 36. Qc7+ Kb5 37. Qb8+ Ka5 38. Rxb2 Nxb2 39. Qc7+ Kb4
40. Qf4+ Qc4 $17) 35... Bb5 36. Rc2 Qa3 37. Qxg4 Qxa2 38. Qd4+ Ka6 39. Rf1 Qa4
$19 40. Qxa4+ Bxa4 41. Rxc3 Bxc3 42. g4 Be5+ 43. g3 c5 44. g5 Be8 45. Rf8 Bh5
46. Kh3 c4 47. g4 Nf4+ 48. Rxf4 Bxf4 49. gxh5 c3 50. g6 Bh6 0-1

[Event "Keres Memorial"]
[Site "Tallinn/Parnu"]
[Date "1998.06.27"]
[Round "7"]
[White "Khalifman, Alexander"]
[Black "Morovic Fernandez, Ivan"]
[Result "1/2-1/2"]
[WhiteElo "2660"]
[BlackElo "2600"]
[Annotator "Lutz,C"]
[PlyCount "59"]
[EventDate "1998.06.19"]
[EventType "tourn"]
[EventRounds "9"]
[EventCountry "EST"]
[EventCategory "15"]
[SourceTitle "CBM 066"]
[Source "ChessBase"]
[SourceDate "1998.09.30"]
[SourceVersion "1"]
[SourceVersionDate "1998.09.30"]
[SourceQuality "1"]

1. d4 {Epishin} d5 2. c4 c6 3. Nf3 Nf6 4. Nc3 e6 5. Bg5 h6 6. Bh4 dxc4 7. e4 g5
8. Bg3 b5 9. Be2 Bb7 10. h4 $5 {Khalifmans Idee erscheint sehr gefährlich.} g4
11. Ne5 h5 (11... b4 $6 12. Na4 Nxe4 13. Bxc4 Nxg3 14. fxg3 Nd7 15. Nxf7 $1 $18
{1-0 Khalifman,A-Dreev,A/Presidents Cup 1998/CBM 65/[Lutz] (29)}) 12. O-O Bg7 (
12... Nbd7 {ist vielleicht solider.} 13. Qc2 {Epishin} Nxe5 14. Bxe5 Rg8 15.
Rfd1 (15. Rad1 Nd7 16. Bg3 Qb6 17. b3 cxb3 18. axb3 Bb4 $1 19. Na2 Bf8 $11)
15... Nd7 16. Bg3 Qb6 (16... Be7 $2 17. e5 Bxh4 18. Qh7 Rf8 19. Ne4 $16) 17. b3
cxb3 18. axb3 Rc8 19. e5 $1 $16) 13. f3 O-O 14. fxg4 (14. Kh2 $5 {Epishin} Nbd7
15. Nxd7 $6 (15. a3 $5 Nxe5 16. dxe5 Nd7 17. f4 $44) 15... Nxd7 $1 (15... Qxd7
16. e5 Nd5 17. fxg4 Ne3 18. Qd2 Nxf1+ 19. Rxf1 c5 20. gxh5 cxd4 (20... Qxd4 21.
Qg5 Kh7 $8 22. Bd1 $1 $18) 21. h6 Bh8 22. Rf4 $40) 16. fxg4 c5 $15) 14... hxg4
15. Bxg4 c5 $6 (15... b4 $5 {war in Anbetracht der folgenden Abwicklung
vorsichtiger, obwohl auch hier} 16. Nxf7 Rxf7 17. Bxe6 $13 {in Betracht kommt.}
(17. Bxe6 {Epishin} bxc3 18. e5 cxb2 19. Bxf7+ Kxf7 20. exf6 bxa1=Q 21. fxg7+
Kg8 22. Qxa1 Nd7 23. Qb1 Ba6 24. Qg6 Qe7 25. Rf8+ Nxf8 26. gxf8=Q+ Kxf8 27. Bd6
$18)) (15... Nxg4 {Epishin} 16. Qxg4 Qxd4+ 17. Kh1 Nd7 18. Nxd7 Qxd7 19. Rf6 $1
$18) 16. d5 $1 exd5 17. Nxf7 (17. exd5 {Epishin} b4 18. Rxf6 bxc3 (18... Qxf6
19. Ne4 $36) 19. Rf2 cxb2 20. Rxb2 Qxd5 21. Qxd5 Bxd5 22. Rd1 $14) 17... Rxf7
18. Be6 {Die Fesselung des Rf7 ist lästig.} Qe7 (18... d4 19. Bxf7+ Kxf7 20. e5
$18) 19. exd5 (19. Bxf7+ {Epishin} Qxf7 20. e5 Nbd7 21. exf6 Nxf6 22. Nxb5 Qg6
$13) 19... Nbd7 (19... Kh8 20. Ne4 $40) 20. Ne4 (20. Nxb5 $5 {erscheint sehr
verlockend.} Nb6 (20... Bxd5 21. Bxd5 Nxd5 22. Qxd5 Nb6 23. Qxf7+ Qxf7 24. Rxf7
Kxf7 25. Nc3 $16) (20... Nf8 {Epishin} 21. Bxf7+ Qxf7 22. Nd6 Qxd5 23. Nxb7
Qxb7 24. Qe2 Qe4 25. Rae1 Qxe2 26. Rxe2 $14) 21. Re1 (21. Nd6 Bxd5) 21... Kh8 {
Die schwarze Stellung ist mehr als anrüchig, aber ich sehe noch keinen
sofortigen Gewinn.}) 20... Nxe4 $5 {Schwarz opfert die Dame, um den Gegner
maximal zu verwirren.} (20... Bxd5 $5 21. Nxf6+ (21. Bxd5 $2 Nxd5 22. Qxd5 Nb6
23. Qxf7+ Qxf7 24. Rxf7 Kxf7 {ist angenehmer für Schwarz, da seine Bauern
weiter vorgerückt sind als die weißen.}) 21... Nxf6 22. Bxd5 (22. Rxf6 $2 Bxe6)
22... Nxd5 23. Qxd5 {Schwarz kann sich nicht aus der Fesselung befreien.} Raf8
(23... Rd8 $2 24. Rxf7 Qe3+ 25. Bf2 $18) (23... Rc8 24. Rae1 Qb7 25. Qe6 Qd7 $2
26. Rxf7 Qxe6 27. Rxg7+ $18) 24. Rae1 Qd8 (24... Qd7 25. Bd6) 25. Qe6 {mit
Initative.}) 21. Rxf7 Qxf7 22. Bxf7+ Kxf7 23. Qg4 $6 {Weiß hat eine Abwicklung
vor Augen, die jedoch am eigenen König scheitert.} (23. Qf3+ Ndf6 24. Rd1 $16)
23... Bd4+ 24. Kh2 Ndf6 25. Qe6+ Kg6 26. h5+ $2 {Führt nur zum Dauerschach.
Weiß kann den Bb7 nicht gewinnen, da nun sein eigener König auf Matt steht.} (
26. Rf1 Bxd5 27. Qf5+ Kg7 28. Be5 {gibt Weiß immer noch Vorteil.}) 26... Kxh5
27. Qf7+ Kg5 28. Qg7+ (28. Qxb7 $2 Rh8+ $19) 28... Kh5 29. Qf7+ (29. Qxb7 $2
Ng4+ {und der Ne4 setzt auf g3 oder g5 matt.}) 29... Kg5 30. Qg7+ 1/2-1/2